Statistics for Time Out's 33 coolest streets in the world

Click here to take the quiz!

General Stats

  • This quiz has been taken 20 times
  • The average score is 21 of 33

Answer Stats

HintAnswer% Correct
Deptford High StreetLondon
100%
OranienstrasseBerlin
90%
Calle EchegarayMadrid
90%
Praça das FloresLisbon
85%
KagurazakaTokyo
85%
Carrer del Comte BorrellBarcelona
80%
Capel StreetDublin
80%
Virgil AvenueLos Angeles
80%
MacDougal StreetNew York
80%
Enmore RoadSydney
80%
Ossington AvenueToronto
80%
Calle OchoMiami
75%
Tai Ping Shan StreetHong Kong
70%
Gertrude StreetMelbourne
70%
Yaowarat RoadBangkok
65%
Süleyman Seba CaddesiIstanbul
65%
Hayes StreetSan Francisco
65%
Karangahape RoadAuckland
60%
Newbury StreetBoston
60%
Wentworth Avenue,Chicago
60%
Jumeirah Beach RoadDubai
60%
Colaba CausewayMumbai
60%
Great Western RoadGlasgow
55%
Cutting Room SquareManchester
55%
Avenida ÁmsterdamMexico city
55%
Rue WellingtonMontreal
55%
Everton RoadSingapore
50%
Yongkang StreetTaipei
50%
KolokotroniAthens
45%
Kloof StreetCape Town
45%
VærnedamsvejCopenhagen
45%
Oxford StreetAccra
20%
Via ProvenzaMedellin
10%

Score Distribution

Percentile by Number Answered

Percent of People with Each Score

Your Score History

You have not taken this quiz